• 首页
  • 本馆介绍
  • 公告通知
  • 最新文献
  • 馆藏检索
  • 电子资源
  • 读者导购
  • 参考咨询
  • 我的图书馆
  • 登录
  • 详细信息显示
  • 放入我的书架
  • 预约/预借图书
  • 作者相关作品
  • 分类相关作品
  • 丛书相关作品
  • 出版社相关作品

书目信息

  • 表格格式
  • 工作单格式
  • 卡片格式
题名:
互助游
    
 
作者: 仲一 著
分册:  
出版信息: 北京   中国旅游出版社  2006
页数: 159页
开本: 21cm
丛书名:
单 册:
中图分类: G895
科图分类:
主题词: 旅游--基本知识 , 旅游
电子资源:
ISBN: 7-5032-2744-3
000 00865nam0 2200265 450
001 003108215
005 20100325103534.25
010    @a7-5032-2744-3@dCNY18.00
100    @a20060104d2006 em y0chiy0110 ea
101 0  @achi
102    @aCN@b110000
105    @aa z 000yy
106    @ar
200 1  @a互助游@9hu zhu you@e全国大串门@f仲一著
210    @a北京@c中国旅游出版社@d2006
215    @a159页@c图@d21cm@e1卡
307    @a附携程旅行网会员卡1张
330    @a本书分为“大串联互助出游”、“过关斩将互助游”、“异想天开环球互助”三个部分,内容包括“旅游人人有困惑”、“跨越4大旅行困惑”、“第三种旅游:互助游”、“旅程中的N种角色”等。
517 1  @a全国大串门@9quan guo da chuan men
606 0  @a旅游@x基本知识
606 0  @a旅游
690    @aG895@v4
701  0 @a仲一@9zhong yi@4著
801  0 @aCN@bNLC@c20100325
905    @b798938-42@dG895@e281@f5
    
    互助游:全国大串门/仲一著.-北京:中国旅游出版社,2006
    159页:图;21cm+1卡
    
    
    ISBN 7-5032-2744-3:CNY18.00
    本书分为“大串联互助出游”、“过关斩将互助游”、“异想天开环球互助”三个部分,内容包括“旅游人人有困惑”、“跨越4大旅行困惑”、“第三种旅游:互助游”、“旅程中的N种角色”等。
●
相关链接 在E读中查询图书 在五车中查询图书 在当当中查询图书 在豆瓣中查询图书


正题名:互助游     索取号:G895/281         预约/预借

序号 登录号 条形码 馆藏地/架位号 状态 备注
1 798938   207989382   第一样本阅览室/ [索取号:G895/281] 在馆    
2 798939   207989391   第四借阅区/ [索取号:G895/281] 在馆    
3 798940   207989408   第四借阅区/ [索取号:G895/281] 在馆    
4 798941   207989417   第四借阅区/ [索取号:G895/281] 在馆    
5 798942   207989426   第四借阅区/ [索取号:G895/281] 在馆    
唐山师范学院图书馆 欢迎您!
大连网信软件有限公司© 版权所有